000 00320nam a2200121Ia 4500
008 190216s9999||||xx |||||||||||||| ||und||
100 _a"Upadhyaya,Nath"
245 0 _aBiophysical Chemistry Principles And Techniques
260 _bHimalaya Publishing House
300 _a602
650 _aChemistry-Chemistry
942 _cBK
999 _c3337
_d3337